00497 a2200169 450000100060000002000220000604000240002810000260005224000350007824500300011330000090014336200090015265000360016194200070019795201060020499900170031047608 a978-1-4095-5141-6 cAnchieta - Aquarius aUsborn publishing Ltd10aLook and say first shapeslpor10aLook and say first shapes a[14]0 a2012 4aLiteratura infantil em inglês cBK 00104070a87.1b87.1d2023-11-21l0oLI 028.573 LOOp6408/AQUr2023-11-21 15:14:29w2023-11-21yBK c47608d47608